| 000 | 00666nam a2200193Ia 4500 | ||
|---|---|---|---|
| 008 | 151121s9999||||xx |||||||||||||| ||und|| | ||
| 082 | _a331।1/मोरे | ||
| 082 | _bHNW-71749 | ||
| 100 | _aमोरे ज्ञानेश | ||
| 245 | _aराबणारे कोवळे हात | ||
| 260 | _b"चेतश्री प्रकाशन, अंमळनेर" | ||
| 260 | _c-- | ||
| 300 | _a97 | ||
| 600 | _aमोरे ज्ञानेश | ||
| 630 | _aराबणारे कोवळे हात | ||
| 700 | _aमोरे ज्ञानेश | ||
| 730 | _aराबणारे कोवळे हात | ||
| 942 | _cBOOK | ||
| 999 |
_c1253217 _d1253214 |
||